000 00301nam a22001217a 4500
020 _a9780070601680
082 _a005.73
_bLIP/DA
100 _aLipschutz, Seymour
245 _aData structures
260 _aNew Delhi
_bTata McGraw Hill Education
_c2012
700 _aPai, Vijayalakshmi G A
942 _cBK
999 _c13935
_d13935